00871nam a22001577a 450000500170000000800410001705000230005810000270008124502530010826001410036130000330050249000370053561000760057270000320064870000330068020220630142650.0220630b mx ||||| |||| 00| 0 spa d04aLE7.M62 bM65 19791 aMolina Piñeiro, Luis10aCódigo del contenido de los editoriales y artículos de fondo de la prensa del Distrito Federal, acerca de la Universidad : b1o. de diciembre de 1976-28 de febrero de 1978 / cAutores: Luis Molina Piñeiro, Carlos Carranco, Raúl Gutiérrez aMéxico : bUniversidad Nacional Autónoma de México, Coordinación de Humanidades, Centro de Estudios sobre la Universidad, c1979 asin paginación ; c20 cm. 0 aPensamiento Universitario ; v21 72lembaUniversidad Nacional Autónoma de México xOpinión Pública1 aCarrancó, Carlos, eautor1 aGutiérrez, Raúl, eautor